| 000 | 00671nam a22002177a 4500 | ||
|---|---|---|---|
| 999 |
_c1148 _d1148 |
||
| 001 | 17200 | ||
| 003 | BD-DhUAP | ||
| 005 | 20200203115347.0 | ||
| 008 | 200203r20092012bg ||||| b||| 001 0 eng d | ||
| 020 | _a9847021500482 | ||
| 040 |
_aBD-DhUAP _bEng _cBD-DhUAP _dBD-DhUAP |
||
| 082 |
_223 _a340.59 FAI |
||
| 100 | _aFaiz-Ud-Din, Muhammad. | ||
| 245 |
_aA text book on Islamic law : _bincluding statutory family laws / _cMuhammad Faiz-Ud-Din. |
||
| 250 | _a3rd ed. | ||
| 260 |
_aDhaka : _bDhams publications, _cc2008 [Reprinted 2012]. |
||
| 300 |
_a[40], 450 pages ; _c23 cm. |
||
| 504 | _aIncludes bibliographies and index. | ||
| 650 |
_aIslamic _vLaw. |
||
| 942 |
_2ddc _cBK |
||